<?xml version="1.0" encoding="UTF-8"?>
<record
    xmlns:xsi="http://www.w3.org/2001/XMLSchema-instance"
    xsi:schemaLocation="http://www.loc.gov/MARC21/slim http://www.loc.gov/standards/marcxml/schema/MARC21slim.xsd"
    xmlns="http://www.loc.gov/MARC21/slim">

  <leader>00795nas a2200253 454500</leader>
  <controlfield tag="001">29482</controlfield>
  <controlfield tag="005">20260407193507.0</controlfield>
  <controlfield tag="008">260407s1989####ag###########|||spa#d</controlfield>
  <controlfield tag="003">AR-UNSa-BCEJYS</controlfield>
  <datafield tag="040" ind1=" " ind2=" ">
    <subfield code="a">AR-UNSa-BCEJYS</subfield>
    <subfield code="b">spa</subfield>
    <subfield code="c">AR-UNSa-BCEJYS</subfield>
  </datafield>
  <datafield tag="080" ind1=" " ind2=" ">
    <subfield code="a">658</subfield>
    <subfield code="x">Administraci&#xF3;n de empresas. Organizaci&#xF3;n comercial</subfield>
  </datafield>
  <datafield tag="245" ind1="1" ind2="0">
    <subfield code="a">Ma&#xF1;ana Profesional</subfield>
  </datafield>
  <datafield tag="264" ind1=" " ind2="1">
    <subfield code="a">Buenos Aires :</subfield>
    <subfield code="b">Ma&#xF1;ana Profesional</subfield>
    <subfield code="c">1989</subfield>
  </datafield>
  <datafield tag="310" ind1=" " ind2=" ">
    <subfield code="a">Frecuencia: Bimestral</subfield>
  </datafield>
  <datafield tag="041" ind1=" " ind2=" ">
    <subfield code="a">spa</subfield>
  </datafield>
  <datafield tag="942" ind1=" " ind2=" ">
    <subfield code="c">SER</subfield>
  </datafield>
  <datafield tag="590" ind1=" " ind2=" ">
    <subfield code="a">niveau_biblio:s niveau_hierar:1</subfield>
  </datafield>
  <datafield tag="100" ind1="1" ind2=" ">
    <subfield code="a">Luch&#xED;a Puig, Luis E.</subfield>
  </datafield>
  <datafield tag="650" ind1=" " ind2=" ">
    <subfield code="a">Marketing</subfield>
  </datafield>
  <datafield tag="650" ind1=" " ind2=" ">
    <subfield code="a">ADMINISTRACION DE EMPRESAS</subfield>
  </datafield>
  <datafield tag="650" ind1=" " ind2=" ">
    <subfield code="a">Liderazgo</subfield>
  </datafield>
  <datafield tag="650" ind1=" " ind2=" ">
    <subfield code="a">NEGOCIOS</subfield>
  </datafield>
  <datafield tag="856" ind1="4" ind2="1">
    <subfield code="u">https://biblioeco.unsa.edu.ar/pmb/images/revistas/Ma?ana-r14248.jpg</subfield>
    <subfield code="y">Imagen de portada</subfield>
    <subfield code="q">image/jpeg</subfield>
  </datafield>
  <datafield tag="999" ind1=" " ind2=" ">
    <subfield code="c">8669</subfield>
    <subfield code="d">8669</subfield>
  </datafield>
  <datafield tag="952" ind1=" " ind2=" ">
    <subfield code="0">0</subfield>
    <subfield code="1">0</subfield>
    <subfield code="4">0</subfield>
    <subfield code="7">0</subfield>
    <subfield code="a">BCEJYS</subfield>
    <subfield code="b">BCEJYS</subfield>
    <subfield code="c">17</subfield>
    <subfield code="d">1997-01-01</subfield>
    <subfield code="h">A&#xF1;o VIII, N&#xBA; 50 - ene. 1997</subfield>
    <subfield code="l">0</subfield>
    <subfield code="o">H658 MA&#xD1; 50</subfield>
    <subfield code="p">R14254</subfield>
    <subfield code="r">2026-04-10 16:08:49</subfield>
    <subfield code="w">2026-04-10</subfield>
    <subfield code="y">RN</subfield>
  </datafield>
  <datafield tag="952" ind1=" " ind2=" ">
    <subfield code="0">0</subfield>
    <subfield code="1">0</subfield>
    <subfield code="4">0</subfield>
    <subfield code="7">0</subfield>
    <subfield code="a">BCEJYS</subfield>
    <subfield code="b">BCEJYS</subfield>
    <subfield code="c">17</subfield>
    <subfield code="d">1996-10-01</subfield>
    <subfield code="h">A&#xF1;o VIII, N&#xBA; 49 - oct./nov. 1996</subfield>
    <subfield code="l">0</subfield>
    <subfield code="o">H658 MA&#xD1; 49</subfield>
    <subfield code="p">R14253</subfield>
    <subfield code="r">2026-04-10 16:08:49</subfield>
    <subfield code="w">2026-04-10</subfield>
    <subfield code="y">RN</subfield>
  </datafield>
  <datafield tag="952" ind1=" " ind2=" ">
    <subfield code="0">0</subfield>
    <subfield code="1">0</subfield>
    <subfield code="4">0</subfield>
    <subfield code="7">0</subfield>
    <subfield code="a">BCEJYS</subfield>
    <subfield code="b">BCEJYS</subfield>
    <subfield code="c">17</subfield>
    <subfield code="d">1996-09-01</subfield>
    <subfield code="h">A&#xF1;o VIII, N&#xBA; 48 - sep./oct. 1996</subfield>
    <subfield code="l">0</subfield>
    <subfield code="o">H658 MA&#xD1; 48</subfield>
    <subfield code="p">R14252</subfield>
    <subfield code="r">2026-04-10 16:08:49</subfield>
    <subfield code="w">2026-04-10</subfield>
    <subfield code="y">RN</subfield>
  </datafield>
  <datafield tag="952" ind1=" " ind2=" ">
    <subfield code="0">0</subfield>
    <subfield code="1">0</subfield>
    <subfield code="4">0</subfield>
    <subfield code="7">0</subfield>
    <subfield code="a">BCEJYS</subfield>
    <subfield code="b">BCEJYS</subfield>
    <subfield code="c">17</subfield>
    <subfield code="d">1996-07-01</subfield>
    <subfield code="h">A&#xF1;o VIII, N&#xBA; 47 - jul./ago. 1996</subfield>
    <subfield code="l">0</subfield>
    <subfield code="o">H658 MA&#xD1; 47</subfield>
    <subfield code="p">R14251</subfield>
    <subfield code="r">2026-04-10 16:08:49</subfield>
    <subfield code="w">2026-04-10</subfield>
    <subfield code="y">RN</subfield>
  </datafield>
  <datafield tag="952" ind1=" " ind2=" ">
    <subfield code="0">0</subfield>
    <subfield code="1">0</subfield>
    <subfield code="4">0</subfield>
    <subfield code="7">0</subfield>
    <subfield code="a">BCEJYS</subfield>
    <subfield code="b">BCEJYS</subfield>
    <subfield code="c">17</subfield>
    <subfield code="d">1996-05-01</subfield>
    <subfield code="h">A&#xF1;o VIII, N&#xBA; 46 - mayo/jun. 1996</subfield>
    <subfield code="l">0</subfield>
    <subfield code="o">H658 MA&#xD1; 46</subfield>
    <subfield code="p">R14250</subfield>
    <subfield code="r">2026-04-10 16:08:49</subfield>
    <subfield code="w">2026-04-10</subfield>
    <subfield code="y">RN</subfield>
  </datafield>
  <datafield tag="952" ind1=" " ind2=" ">
    <subfield code="0">0</subfield>
    <subfield code="1">0</subfield>
    <subfield code="4">0</subfield>
    <subfield code="7">0</subfield>
    <subfield code="a">BCEJYS</subfield>
    <subfield code="b">BCEJYS</subfield>
    <subfield code="c">17</subfield>
    <subfield code="d">1996-03-01</subfield>
    <subfield code="h">A&#xF1;o VIII, N&#xBA; 45 - mar./abr. 1996</subfield>
    <subfield code="l">0</subfield>
    <subfield code="o">H658 MA&#xD1; 45</subfield>
    <subfield code="p">R14249</subfield>
    <subfield code="r">2026-04-10 16:08:49</subfield>
    <subfield code="w">2026-04-10</subfield>
    <subfield code="y">RN</subfield>
  </datafield>
  <datafield tag="952" ind1=" " ind2=" ">
    <subfield code="0">0</subfield>
    <subfield code="1">0</subfield>
    <subfield code="4">0</subfield>
    <subfield code="7">0</subfield>
    <subfield code="a">BCEJYS</subfield>
    <subfield code="b">BCEJYS</subfield>
    <subfield code="c">17</subfield>
    <subfield code="d">1995-12-01</subfield>
    <subfield code="h">A&#xF1;o VII, N&#xBA; 44 - dic.1995/ene. 1996</subfield>
    <subfield code="l">0</subfield>
    <subfield code="o">H658 MA&#xD1; 44</subfield>
    <subfield code="p">R14248</subfield>
    <subfield code="r">2026-04-10 16:08:49</subfield>
    <subfield code="w">2026-04-10</subfield>
    <subfield code="y">RN</subfield>
  </datafield>
  <datafield tag="952" ind1=" " ind2=" ">
    <subfield code="0">0</subfield>
    <subfield code="1">0</subfield>
    <subfield code="4">0</subfield>
    <subfield code="7">0</subfield>
    <subfield code="a">BCEJYS</subfield>
    <subfield code="b">BCEJYS</subfield>
    <subfield code="c">17</subfield>
    <subfield code="d">1995-11-01</subfield>
    <subfield code="h">A&#xF1;o VII, N&#xBA; 43 - nov. 1995</subfield>
    <subfield code="l">0</subfield>
    <subfield code="o">H658 MA&#xD1; 43</subfield>
    <subfield code="p">R14247</subfield>
    <subfield code="r">2026-04-10 16:08:50</subfield>
    <subfield code="w">2026-04-10</subfield>
    <subfield code="y">RN</subfield>
  </datafield>
  <datafield tag="952" ind1=" " ind2=" ">
    <subfield code="0">0</subfield>
    <subfield code="1">0</subfield>
    <subfield code="4">0</subfield>
    <subfield code="7">0</subfield>
    <subfield code="a">BCEJYS</subfield>
    <subfield code="b">BCEJYS</subfield>
    <subfield code="c">17</subfield>
    <subfield code="d">1995-07-01</subfield>
    <subfield code="h">A&#xF1;o VII, N&#xBA; 41 - jul./ago. 1995</subfield>
    <subfield code="l">0</subfield>
    <subfield code="o">H658 MA&#xD1; 41</subfield>
    <subfield code="p">R14246</subfield>
    <subfield code="r">2026-04-10 16:08:50</subfield>
    <subfield code="w">2026-04-10</subfield>
    <subfield code="y">RN</subfield>
  </datafield>
  <datafield tag="952" ind1=" " ind2=" ">
    <subfield code="0">0</subfield>
    <subfield code="1">0</subfield>
    <subfield code="4">0</subfield>
    <subfield code="7">0</subfield>
    <subfield code="a">BCEJYS</subfield>
    <subfield code="b">BCEJYS</subfield>
    <subfield code="c">17</subfield>
    <subfield code="d">1995-05-01</subfield>
    <subfield code="h">A&#xF1;o VII, N&#xBA; 40 - mayo/jun. 1995</subfield>
    <subfield code="l">0</subfield>
    <subfield code="o">H658 MA&#xD1; 40</subfield>
    <subfield code="p">R14245</subfield>
    <subfield code="r">2026-04-10 16:08:50</subfield>
    <subfield code="w">2026-04-10</subfield>
    <subfield code="y">RN</subfield>
  </datafield>
  <datafield tag="952" ind1=" " ind2=" ">
    <subfield code="0">0</subfield>
    <subfield code="1">0</subfield>
    <subfield code="4">0</subfield>
    <subfield code="7">0</subfield>
    <subfield code="a">BCEJYS</subfield>
    <subfield code="b">BCEJYS</subfield>
    <subfield code="c">17</subfield>
    <subfield code="d">1994-12-01</subfield>
    <subfield code="h">A&#xF1;o VII, N&#xBA; 38 - dic. 1994/ene. 1995</subfield>
    <subfield code="l">0</subfield>
    <subfield code="o">H658 MA&#xD1; 38</subfield>
    <subfield code="p">R14244</subfield>
    <subfield code="r">2026-04-10 16:08:50</subfield>
    <subfield code="w">2026-04-10</subfield>
    <subfield code="y">RN</subfield>
  </datafield>
  <datafield tag="952" ind1=" " ind2=" ">
    <subfield code="0">0</subfield>
    <subfield code="1">0</subfield>
    <subfield code="4">0</subfield>
    <subfield code="7">0</subfield>
    <subfield code="a">BCEJYS</subfield>
    <subfield code="b">BCEJYS</subfield>
    <subfield code="c">17</subfield>
    <subfield code="d">1994-10-01</subfield>
    <subfield code="h">A&#xF1;o VI, N&#xBA; 37 - oct./nov. 1994</subfield>
    <subfield code="l">0</subfield>
    <subfield code="o">H658 MA&#xD1; 37</subfield>
    <subfield code="p">R14243</subfield>
    <subfield code="r">2026-04-10 16:08:50</subfield>
    <subfield code="w">2026-04-10</subfield>
    <subfield code="y">RN</subfield>
  </datafield>
  <datafield tag="952" ind1=" " ind2=" ">
    <subfield code="0">0</subfield>
    <subfield code="1">0</subfield>
    <subfield code="4">0</subfield>
    <subfield code="7">0</subfield>
    <subfield code="a">BCEJYS</subfield>
    <subfield code="b">BCEJYS</subfield>
    <subfield code="c">17</subfield>
    <subfield code="d">1994-09-01</subfield>
    <subfield code="h">A&#xF1;o VI, N&#xBA; 36 - sep./nov. 1994</subfield>
    <subfield code="l">0</subfield>
    <subfield code="o">H658 MA&#xD1; 36</subfield>
    <subfield code="p">R14242</subfield>
    <subfield code="r">2026-04-10 16:08:50</subfield>
    <subfield code="w">2026-04-10</subfield>
    <subfield code="y">RN</subfield>
  </datafield>
  <datafield tag="952" ind1=" " ind2=" ">
    <subfield code="0">0</subfield>
    <subfield code="1">0</subfield>
    <subfield code="4">0</subfield>
    <subfield code="7">0</subfield>
    <subfield code="a">BCEJYS</subfield>
    <subfield code="b">BCEJYS</subfield>
    <subfield code="c">17</subfield>
    <subfield code="d">1994-07-01</subfield>
    <subfield code="h">A&#xF1;o VI, N&#xBA; 35 - jul./ago. 1994</subfield>
    <subfield code="l">0</subfield>
    <subfield code="o">H658 MA&#xD1; 35</subfield>
    <subfield code="p">R14241</subfield>
    <subfield code="r">2026-04-10 16:08:50</subfield>
    <subfield code="w">2026-04-10</subfield>
    <subfield code="y">RN</subfield>
  </datafield>
  <datafield tag="952" ind1=" " ind2=" ">
    <subfield code="0">0</subfield>
    <subfield code="1">0</subfield>
    <subfield code="4">0</subfield>
    <subfield code="7">0</subfield>
    <subfield code="a">BCEJYS</subfield>
    <subfield code="b">BCEJYS</subfield>
    <subfield code="c">17</subfield>
    <subfield code="d">1994-05-01</subfield>
    <subfield code="h">A&#xF1;o VI, N&#xBA; 34 - mayo/jun. 1994</subfield>
    <subfield code="l">0</subfield>
    <subfield code="o">H658 MA&#xD1; 34</subfield>
    <subfield code="p">R14240</subfield>
    <subfield code="r">2026-04-10 16:08:50</subfield>
    <subfield code="w">2026-04-10</subfield>
    <subfield code="y">RN</subfield>
  </datafield>
  <datafield tag="952" ind1=" " ind2=" ">
    <subfield code="0">0</subfield>
    <subfield code="1">0</subfield>
    <subfield code="4">0</subfield>
    <subfield code="7">0</subfield>
    <subfield code="a">BCEJYS</subfield>
    <subfield code="b">BCEJYS</subfield>
    <subfield code="c">17</subfield>
    <subfield code="d">1994-03-01</subfield>
    <subfield code="h">A&#xF1;o VI, N&#xBA; 33 - mar./abr. 1994</subfield>
    <subfield code="l">0</subfield>
    <subfield code="o">H658 MA&#xD1; 33</subfield>
    <subfield code="p">R14239</subfield>
    <subfield code="r">2026-04-10 16:08:50</subfield>
    <subfield code="w">2026-04-10</subfield>
    <subfield code="y">RN</subfield>
  </datafield>
  <datafield tag="952" ind1=" " ind2=" ">
    <subfield code="0">0</subfield>
    <subfield code="1">0</subfield>
    <subfield code="4">0</subfield>
    <subfield code="7">0</subfield>
    <subfield code="a">BCEJYS</subfield>
    <subfield code="b">BCEJYS</subfield>
    <subfield code="c">17</subfield>
    <subfield code="d">1993-12-01</subfield>
    <subfield code="h">A&#xF1;o V, N&#xBA; 32 - dic. 1993/ene. 1994</subfield>
    <subfield code="l">0</subfield>
    <subfield code="o">H658 MA&#xD1; 32</subfield>
    <subfield code="p">R14238</subfield>
    <subfield code="r">2026-04-10 16:08:50</subfield>
    <subfield code="w">2026-04-10</subfield>
    <subfield code="y">RN</subfield>
  </datafield>
  <datafield tag="952" ind1=" " ind2=" ">
    <subfield code="0">0</subfield>
    <subfield code="1">0</subfield>
    <subfield code="4">0</subfield>
    <subfield code="7">0</subfield>
    <subfield code="a">BCEJYS</subfield>
    <subfield code="b">BCEJYS</subfield>
    <subfield code="c">17</subfield>
    <subfield code="d">1993-11-01</subfield>
    <subfield code="h">A&#xF1;o V, N&#xBA; 31 - nov. 1993</subfield>
    <subfield code="l">0</subfield>
    <subfield code="o">H658 MA&#xD1; 31</subfield>
    <subfield code="p">R14237</subfield>
    <subfield code="r">2026-04-10 16:08:50</subfield>
    <subfield code="w">2026-04-10</subfield>
    <subfield code="y">RN</subfield>
  </datafield>
  <datafield tag="952" ind1=" " ind2=" ">
    <subfield code="0">0</subfield>
    <subfield code="1">0</subfield>
    <subfield code="4">0</subfield>
    <subfield code="7">0</subfield>
    <subfield code="a">BCEJYS</subfield>
    <subfield code="b">BCEJYS</subfield>
    <subfield code="c">17</subfield>
    <subfield code="d">1993-09-01</subfield>
    <subfield code="h">A&#xF1;o IV, N&#xBA; 30 - sep./oct. 1993</subfield>
    <subfield code="l">0</subfield>
    <subfield code="o">H658 MA&#xD1; 30</subfield>
    <subfield code="p">R14236</subfield>
    <subfield code="r">2026-04-10 16:08:50</subfield>
    <subfield code="w">2026-04-10</subfield>
    <subfield code="y">RN</subfield>
  </datafield>
  <datafield tag="952" ind1=" " ind2=" ">
    <subfield code="0">0</subfield>
    <subfield code="1">0</subfield>
    <subfield code="4">0</subfield>
    <subfield code="7">0</subfield>
    <subfield code="a">BCEJYS</subfield>
    <subfield code="b">BCEJYS</subfield>
    <subfield code="c">17</subfield>
    <subfield code="d">1993-07-01</subfield>
    <subfield code="h">A&#xF1;o IV, N&#xBA; 29 - jul./ago. 1993</subfield>
    <subfield code="l">0</subfield>
    <subfield code="o">H658 MA&#xD1; 29</subfield>
    <subfield code="p">R14235</subfield>
    <subfield code="r">2026-04-10 16:08:50</subfield>
    <subfield code="w">2026-04-10</subfield>
    <subfield code="y">RN</subfield>
  </datafield>
</record>
